ბათუმის შოთა რუსთაველის სახელმწიფო უნივერსიტეტის ბიბლიოთეკა

ადამიანის უფლებათა დარღვევები საქართველოში : ალტერნატიული ანგარიში გაეროს წამების საწინააღმდეგო კომიტეტს, 36-ე სესია / (ბიბ.ჩანაწერი № 59472)

000 -ლიდერი
ფიქსირებული სიგრძის საკონტროლო ველი 01750nam a22002177a 4500
003 - საკონტროლო ნომრის იდენტიფიკატორი
საკონტროლო ველი Ge_BSU
005 - ბოლო ოპერაციის თარიღი და დრო
საკონტროლო ველი 20230227115756.0
008 - ფიქსირებული სიგრძის მონაცემთა ელემენტები - ზოგადი ინფორმაცია
ფიქსირებული სიგრძის საკონტროლო ველი 230227s2006 ge ||||| |||| 00| 0 geo d
041 ## - ენის კოდი
Language code of text/sound track or separate title geo
080 ## - უნივერსალური ათობითი კლასიფიკაციის ინდექსი
Universal Decimal Classification number 342.7(479.22) ა-26
245 ## - ცნობა სათაურის შესახებ
Title ადამიანის უფლებათა დარღვევები საქართველოში : ალტერნატიული ანგარიში გაეროს წამების საწინააღმდეგო კომიტეტს, 36-ე სესია /
Statement of responsibility, etc საია, ადამიანის უფლებათა საინფორმაციო და სადოკუმენტაციო ცენტრი, საქ. საზოგადოებრივი ჯანდაცვის და მედიცინის განვითარების ფონდი ; ანგარიში მოამზადეს: ნინო ღვედაშვილი, უჩა ნანუაშვილი, ანა დოლიძე [და სხვ.].
264 ## - წარმოების, გამოცემის, დისტრიბუციის და სხვა ცნობები
გამოცემის, წარმოების, დისტრიბუციის... ადგილი თბილისი,
გამოცემის, წარმოების, დისტრიბუციის... თარიღი 2006.
300 ## - ფიზიკური აღწერა
Extent 139 გვ. ;
Other physical details 20 სმ.
501 ## - შენიშვნა თანმხლებ მასალაზე
With note დანართი: გვ. 109-139.
653 ## - INDEX TERM--UNCONTROLLED
Uncontrolled term ადამიანის უფლებათა დარღვევები საქართველოში
700 ## - ADDED ENTRY--PERSONAL NAME
Personal name ღვედაშვილი, ნინო.
Relator term ავტორი
9 (RLIN) 17047
700 ## - ADDED ENTRY--PERSONAL NAME
Personal name ნანუაშვილი, უჩა.
Relator term ავტორი
9 (RLIN) 17048
700 ## - ADDED ENTRY--PERSONAL NAME
Personal name ჯაფარიძე, სოფიო.
Relator term ავტორი
9 (RLIN) 17049
700 ## - ADDED ENTRY--PERSONAL NAME
Personal name სარალიძე, ლია და სხვ.
Relator term ავტორი
9 (RLIN) 17050
942 ## - ADDED ENTRY ELEMENTS (KOHA)
Source of classification or shelving scheme
Koha item type წიგნი
ეგზემპლარები
ჩამოწერის სტატუსი დაკარგული ეგზემპლარის სტატუსი კლასიფიკაციის წყარო ან თაროზე გაწყობის სქემა დაზიანების სტატუსი არ გაიცემა მუდმივი მდებარეობა (დაცვის ადგილი) ამჟამინდელი ადგილსამყოფელი თაროზე განთავსების ადგილი შეძენის თარიღი ღირებულება, შესყიდვის ნორმალური ფასი სრული შენახვის შიფრი შტრიხკოდი ბოლო ოპერაციის თარიღი ეგზემპლარის მიმდევრობითი ნომერი (კეტერი?) ფასის ძალაში შესვლის თარიღი ეგზემპლარის სახეობა საჯარო შენიშვნა
          ბათუმის შოთა რუსთაველის სახელმწიფო უნივერსიტეტის მთავარი ბიბლიოთეკა ბათუმის შოთა რუსთაველის სახელმწიფო უნივერსიტეტის მთავარი ბიბლიოთეკა წიგნსაცავი 2023-02-27 5.00 342.7(479.22) ა-26 63905 2023-02-27 63905 2023-02-27 წიგნი 5 ლ.